000 00858cam a2200277 4500500
005 20260329004509.0
041 _afre
042 _adc
100 1 0 _ade Oliveira, Victorine
_eauthor
245 0 0 _aBarbara Stiegler : “Dewey renouvelle notre vision de la politique et de la démocratie”
260 _c2020.
500 _a39
690 _aBarbara Stiegler
690 _aDémocratie
690 _aDémocratie participative
690 _aExperts
690 _aJohn Dewey
690 _aLibéralisme
690 _aPolitique
690 _aPragmatisme
690 _aPublic
690 _aVictorine de Oliveira
690 _aWalter Lippmann
786 0 _nPhilosophie magazine | 137 | 3 | 2020-03-01 | p. 37-39 | 1951-1787
856 4 1 _uhttps://shs.cairn.info/magazine-philosophie-magazine-2020-3-page-37?lang=fr&redirect-ssocas=7080
999 _c1834469
_d1834469